000 00604nam a22001817a 4500
005 20251108165025.0
008 250721s1982 xx 000 0 ara d
082 1 4 _aم/956.08/ندو
111 2 _aندوة ناصر الفكرية (الخامسة : 1982 : القاهرة)
245 1 0 _aملامح المشروع الحضاري العربي المعاصر /
264 1 _aبيروت :
_bدار الوحدة،
_c1982.
300 _a367ص
650 1 7 _aتاريخ العرب
650 1 7 _aالعصر الحديث
650 1 7 _aالحضارة الإسلامية
942 _2ddc
_cREF
999 _c20180
_d20180